| 000 | 00916cab a2200289 4500 | ||
|---|---|---|---|
| 001 | ABS46429 | ||
| 008 | 090401t1992 xxu||||| |||| 00| 0 eng d | ||
| 035 | _a(Sirsi) u58173 | ||
| 041 | _aeng | ||
| 100 | _aYoung, H. | ||
| 245 | _aWorkspace solutions | ||
| 260 | _c1992 | ||
| 350 | _a0 | ||
| 490 |
_aProperty Management _v10(2) Spring 1992, 100-105(3) |
||
| 520 | _aReports on a scheme devised by IBM to improve the arrangement of commercial workspace whilst taking into account changed working practices made possible by new technology. | ||
| 650 |
_aFACILITIES MANAGEMENT _96240 |
||
| 650 | _aOCCUPANCY LEVELS | ||
| 650 | _aOFFICE SPACE | ||
| 650 | _aSMART FLOORS | ||
| 650 | _aSPACE MORALE AND REMOTE TECHNOLOGY | ||
| 650 | _aSPACE PLANNING | ||
| 650 | _aSPACE UTILISATION | ||
| 650 | _aWORKING PATTERNS | ||
| 690 | _aOFFICE SERVICES AND ADMINISTRATION | ||
| 942 | _n0 | ||
| 948 | _c04/03/1997 | ||
| 999 |
_c35492 _d35492 |
||